Ortega y el 98 [as printed] /

Bibliographic Details
Main Author: Fernández de la Mora, Gonzalo
Format: Book
Language:Spanish
Published: Madrid : Rialp, 1979 printing.
Edition:3. ed. ampl.
Series:Naturaleza e historia ; 45.
Subjects:

MARC

Tag First Indicator Second Indicator Subfields
LEADER 00000cam a2200000 a 4500
001 in00000072582
005 20151008053447.0
008 800910s1979 sp b 00010 spam
010 |a  80117937  
015 |a Sp79-Oct 
020 |a 8432119741 
035 |a (OCoLC)06814950 
035 |9 AAH7497AM 
040 |a DLC  |c DLC  |d m.c.  |d TXA  |d UtOrBLW 
043 |a e-sp--- 
049 |a TXAM  |c [1671802] 
050 0 0 |a PQ6627.R8  |b Z66 1979 
082 0 |a 868/.6209  |2 19 
100 1 |a Fernández de la Mora, Gonzalo. 
245 1 0 |a Ortega y el 98 [as printed] /  |c Gonzalo Fernandez de la Mora. 
250 |a 3. ed. ampl. 
264 1 |a Madrid :  |b Rialp,  |c 1979 printing. 
300 |a 248 pages, 5 unnumbered pages ;  |c 19 cm. 
336 |a text  |b txt  |2 rdacontent 
337 |a unmediated  |b n  |2 rdamedia 
338 |a volume  |b nc  |2 rdacarrier 
490 1 |a Naturaleza e historia ;  |v 45 
504 |a Bibliography: pages [249]-[253]. 
600 1 0 |a Ortega y Gasset, José,  |d 1883-1955  |x Criticism and interpretation. 
650 0 |a Spanish literature  |y 19th century  |x History and criticism. 
650 0 |a Spanish literature  |y 20th century  |x History and criticism. 
830 0 |a Naturaleza e historia ;  |v 45. 
999 |a MARS 
999 f f |s 50653491-f0f2-3138-8f76-720cdf91540d  |i f95ff1f9-a14b-3a9b-8c3d-759a9141afe8  |t 0 
952 f f |p normal  |a Texas A&M University  |b College Station  |c Sterling C. Evans Library  |d Evans: Library Stacks  |t 0  |e PQ6627.R8 Z66 1979  |h Library of Congress classification  |i unmediated -- volume  |m A14806181827 
998 f f |a PQ6627.R8 Z66 1979  |t 0  |l Evans: Library Stacks